000 01389nam0a2200337 4500
001 RU\NLR\bibl\892963
005 20250614173230.0
010 _a5-16-002542-1
_92000
021 _aRU
_b2005-76198
_93756
035 _a(NLR Aleph) 000881449
090 _a1661522
_c1661522
100 _a20051223d2006 |||y0rusy50 ca
101 1 _arus
_ceng
102 _aRU
105 _aa |||||||||
200 1 _aМенеджмент, основанный на ценности
_eкак обеспечить ценность для акционеров
_eперевод с английского
_fЭшуорт Гари, Джеймс Пол
210 _aМосква
_cИНФРА-М
_d2006
215 _a188, [1] с.
_cил.
_d22
300 _aЗагл. и авт. ориг.: Value - based management / Gary Ashworth, Paul James
454 0 _12001#$aValue - based management$zeng
_1700#1$aAshworth$bG.$gGary$4070
_1701#1$aJames$bP.$gPaul$4070
_tValue - based management
_aAshworth, Gary
606 1 _aМенеджмент
_91566100
_3RU\NLR\auth\66685658
606 1 _aФинансы
_xУправление
_92070546
_3RU\NLR\auth\661245269
686 _aУ21(0)
686 _aУ26(0)-21
700 1 _aЭшуорт
_bГ.
_gГари
_4070
701 1 _aДжеймс
_bП.
_gПол
_4070
801 0 _aRU
_bNLR
_c20051223
_grcr
801 1 _aRU
_bNLR
_c20051223
942 _cBOOK
980 _aNB